000 00520nam a2200193Ia 4500
008 151121s9999||||xx |||||||||||||| ||und||
082 _a334/
082 _bHNW-14479
100 _aPublisher
245 _aAnnual Administration Report।। - Vol - II
260 _bGovt। Of Bombay।
260 _c--
300 _a199
600 _aPublisher
630 _aAnnual Administration Report।। - Vol - II
700 _aPublisher
730 _aAnnual Administration Report।। - Vol - II
942 _cBOOK
999 _c1218151
_d1218148